Представление документа в формате RUSMARC

ПолеНазваниеЗначение
  Тип записи a
  Библиографический уровень m
001 Контрольный номер RU/CBS_UL/BASE/84d1925e5ac146458e290c11b6276ba6
005 Дата корректировки 20260217155916.5
101 Язык документа __
a Язык текста rus
102 Страна публикации __
a Страна публикации RU
200 Заглавие и сведения об ответственности 0_
a Заглавие № 1-2
210 Выходные данные __
d Дата издания 2026
461 Уровень набора __
1 2001
a Честь Отечества
v № 1-2
1 210
d 2026
801 Источник записи __
a Страна RU
b Организация МБУК ЦБС г. Ульяновска
g Правила каталогизации RCR
901 Тип документа __
w Контрольный № источника RU/CBS_UL/BASE/710526115
t Тип документа s
909 Создатель записи __
a Создатель записи lib2